Trala-lili, op. 83 osudy národní písně : (Dudl-dudl) /

Hlavní autor: Straus, Oscar, 1870-1954
Další autoři: Hašler, Karel, 1879-1941, Oliven, Fritz, 1874-1956
Jazyk: Němčina
Čeština
Vydáno: Praha : M. Urbánek, 1906
Fyzický popis: 7 s.
Hudebniny Hudebniny
Uloženo v:
LEADER 00906ncm a22002532a 4500
001 000888427
003 CZ BrMZK
005 20120626131403.0
007 qu
008 080304s1906 xr |||||r|||||||| cze d
040 |a BOA001  |b cze 
041 0 |a cze  |a ger 
072 7 |a 784  |x Vokální hudba  |2 Konspekt  |9 9 
100 1 |a Straus, Oscar,  |d 1870-1954  |7 jn20010602490  |4 cmp 
245 1 0 |a Trala-lili, op. 83  |h [hudebnina] :  |b osudy národní písně : (Dudl-dudl) /  |c hudbu složil Oskar Straus ; text napsal Rideamus ; přeložil Karel Hašler 
260 |a Praha :  |b M. Urbánek,  |c 1906 
300 |a 7 s. 
500 |a Zpěv a klavír 
700 1 |a Hašler, Karel,  |d 1879-1941  |7 jk01040136  |4 trl 
700 1 |a Oliven, Fritz,  |d 1874-1956  |7 xx0074964  |4 lyr 
910 |a BOA001  |b Mus4-0596.636 
990 |a MU 
991 |b 201206 
996 6 |b 2619246618  |c Mus4-0596.636  |l MZK  |r Sklad / do 1 hodiny  |n 1  |w 000888427  |u 000010  |a 1  |e BOA001  |j MZK50  |s P